Quality assurance : The route to efficiency and competitiveness /

Gespeichert in:
Bibliographische Detailangaben
1. Verfasser: Stebbing, Lionel (Verfasst von)
Format: Buch
Sprache:Englisch
Veröffentlicht: London : Ellis Horwood, 1994
Ausgabe:3.vyd.1.dotlač
Tags: Tag hinzufügen
Keine Tags, Fügen Sie das erste Tag hinzu!

MARC

LEADER 00000nam a22000003a 4500
001 stu27321
005 20150617225700.4
008 940207s1994----uk------------------eng-d
020 |a 0-13-109753-9 
040 |a STU  |b slo 
041 0 |a eng 
044 |a uk 
080 |a 624.1 
100 1 |a Stebbing, Lionel  |4 aut 
245 1 |a Quality assurance :  |b The route to efficiency and competitiveness /  |c [aut]Stebbing,Lionel 
250 |a 3.vyd.1.dotlač 
260 |a London :  |b Ellis Horwood,  |c 1994 
300 |a 336 s 
996 |c V*42343/O-18081  |l VV16  |s P  |a 0  |w stu27321_0001